000 00724nam a2200229 i 4500
003 DO-SdBNP
005 20230831113827.0
008 180503s1997 dr 000 spa d
040 _aDO-SdBNP
_bspa
_cBNPHU
_erda
082 _222
_axxxx
_bC392c
100 _aCela, Jorge
_97887
245 0 _aComenzando por casa :
_bla democracia en la vida cotidiana /
_cJorge Cela.
250 _a4a. edición
264 1 _aSanto Domingo :
_bCentro de Estudios Sociales Padre Juan Montalvo,
_c1997.
300 _a37 páginas
_c22 cm.
336 _2rdacontent
_atexto
_btxt
337 _2rdamedia
_asin mediación
_bn
338 _2rdacarrier
_avolumen
_bnc
590 _aInventariado, 2023/ YL
910 _aYLockward
942 _2ddc
_cLF2
999 _c54589
_d54589